History Quiz

Random History or Grab Bag Quiz
Score 0/20 Timer 06:00
4 Plays Today
Question Answer Wrong Answers
Greek city-states Macedonia
72.9%
Athens
3.2%
Sparta
4%
Thebes
13.5%
Italian Renaissance artists Canaletto
72.5%
Michelangelo
3.4%
Botticelli
12.3%
Raphael
5.4%
Ruling houses of Great Britain Buckingham
68.2%
Stuart
4%
Hanover
7.5%
Saxe-Coburg and Gotha
14.2%
Former members of the USSR Albania
66.6%
Armenia
10.6%
Georgia
4.4%
Moldova
12.3%
European explorers who vanished Christopher Columbus
64.7%
Henry Hudson
6.2%
Roald Amundsen
13.7%
John Franklin
9.2%
Major battles of World War I Vichy
64.4%
Ypres
13.6%
The Somme
6.4%
Verdun
9.4%
European countries that have hosted the Olympic Games Portugal
56.5%
Switzerland
10.1%
Belgium
15.6%
Finland
11.6%
Three oldest universities in continuous operation University of Zagreb
56.2%
University of Bologna
7.2%
University of Oxford
6.2%
University of Salamanca
23.9%
Art movements that originated in Europe Abstract Expressionism
50.9%
Rococo
23%
Impressionism
4%
Cubism
15.8%
Philosophers of the Enlightenment Ludwig Wittgenstein
49.9%
Voltaire
11%
Immanuel Kant
11.3%
David Hume
21.6%
Members of the six main Germanic tribes Huns
48.5%
Ostrogoths
13.5%
Franks
20.4%
Vandals
11.4%
Spanish Roman Catholic saints Francis of Assisi
45.1%
Teresa of Ávila
14%
Francis Xavier
22.2%
Ignatius of Loyola
12.3%
Protestant Reformation leaders Thomas More
43.9%
John Calvin
3.9%
Martin Luther
3.7%
Huldrych Zwingli
42.2%
Prehistoric cave painting locations in Europe Serra da Capivara
40.6%
Lascaux
14.7%
Cave of Altamira
22%
Chauvet Cave
16.2%
The Three Estates of France's Ancien Régime The King
39.4%
The Clergy
10.2%
The Nobility
6.1%
The Commoners
37.8%
Monarchs involved in the Thirty Years' War Catherine II of Russia
38.6%
Gustavus Adolphus of Sweden
26.8%
Philip IV of Spain
11%
Charles I of England
17%
European Nobel Prize winners in Literature Umberto Eco
36.8%
Boris Pasternak
21.1%
Jean-Paul Sartre
17.4%
Hermann Hesse
18.3%
Medieval castles and fortified towns Neuschwanstein Castle
36.4%
Cité de Carcassonne
23.5%
Tower of London
23.7%
Prague Castle
10%
Official languages of the European Union Norwegian
36.1%
Estonian
19.8%
Irish
34.8%
Polish
3.2%
European localities for which chemical elements were named Radom, Poland
32.2%
Ytterby, Sweden
17.1%
Darmstadt, Germany
33.1%
Strontian, Scotland
11.3%
Remove Ads.
Support Sporcle.
Get the best of Sporcle when you Go Orange. This ad-free experience offers more features, more stats, and more fun while also helping to support Sporcle. Thank you for becoming a member.

You're not logged in!

Compare scores with friends on all Sporcle quizzes.
OR
Log In

Show Comments

Extras

Top Quizzes Today


Score Distribution

Your Account Isn't Verified!

In order to create a playlist on Sporcle, you need to verify the email address you used during registration. Go to your Sporcle Settings to finish the process.

Report this User

Report this user for behavior that violates our Community Guidelines.

Details: